00393nam a2200133Ia 4500008004100000020001500041041001200056100001700068245006700085260004700152300001400199300001000213650003600223231221s9999 xx 000 0 und d a8178080745 aEnglish aEfford, Nick 0aDigital image processing : a practical introduction using Java c2000bPearson Education (Singapore)aDelhi axxiii+339 c44441 aDigital,processing,:,using,Java